|
|
|
|
| LEADER |
00000nab#a22000007a#4500 |
| 001 |
arbauad012911 |
| 003 |
AR-BaUAD |
| 005 |
20250711111256.0 |
| 008 |
950817|||||||||###||||||b###|0###a|spa|| |
| 040 |
|
|
|a AR-BaUAD
|c AR-BaUAD
|b spa
|
| 245 |
1 |
0 |
|a Edificio Consorcio Vida
|
| 300 |
0 |
|
|b cortes, fot., plantas
|
| 653 |
|
|
|a EDIFICIO CONSORCIO VIDA
|
| 653 |
|
|
|a EDIFICIOS DE OFICINAS
|
| 653 |
|
|
|a SANTIAGO DE CHILE
|
| 653 |
|
|
|a CHILE
|
| 653 |
|
|
|a HUIDOBRO, BORJA
|
| 653 |
|
|
|a CHEMETOV, ALEXANDRE
|
| 653 |
|
|
|a CHEMETOV-HUIDOBRO
|
| 653 |
|
|
|a BROWNE, ENRIQUE
|
| 773 |
0 |
|
|t Escala
|g no. 165 [1994], p. 58-60
|
| 942 |
|
|
|c ARTI
|
| 952 |
|
|
|0 0
|1 0
|4 0
|7 0
|9 57831
|a AR-BAuAD
|b AR-BAuAD
|d 2025-07-11
|l 0
|p AAQA012911
|r 2025-07-11 11:12:56
|w 2025-07-11
|y ARTI
|
| 990 |
|
|
|a AQ199
|b TD
|
| 998 |
|
|
|a AAQ
|b BIBUN76
|
| 999 |
|
|
|c 37504
|d 37504
|